LEADER 01188nam a2200193 i 4500 001 000000016753 003 CaOOAMICUS 005 20180830125443.0 008 180830s1990 it u000 u ita u 040 $aSeMil$bita 245 13$aLa seconda settimana :$batti del Convegno nazionale, 22-24 ottobre 1993 : Relazioni, documenti, sintesi del lavoro dei gruppi. 260 $aNapoli :$bCentro Ignaziano di Spiritualità,$c1990-1994. 300 $a2 v. ;$c21 cm. 600 04$aIgnazio : di Loyola .$0(OLS)http://semarc/subject/467 700 1 $aConvegno Nazionale «Ignazio di Loyola e gli Esercizi Spirituali» <1993 ; Cagliari>.$0(OLS)http://semarc/name/7705 773 0 $tAppunti di spiritualità.$dNapoli : Centro Ignaziano di Spiritualità, [196-?]$w()9647 774 0 $tMeditazioni strutturali e modi di pregare.$dNapoli : Centro Ignaziano di Spiritualità, 1994.$kAppunti di spiritualità$gParte1$w()155159 996 $6245$aLa seconda settimana :$batti del Convegno nazionale, 22-24 ottobre 1993 : Relazioni, documenti, sintesi del lavoro dei gruppi$9(OLS)http://semarc/title/22164 996 $6260$aNapoli :$bCentro Ignaziano di Spiritualità$9(OLS)http://semarc/publisher/32631 LEADER 01145nam a2200241 i 4500 001 000000117086 003 CaOOAMICUS 005 20030711000000.0 008 030711s1966 gw u000 u ger u 013 $a89775 040 $aSeMil$bita 100 1 $aKettler, Franz Heinrich.$0(OLS)http://semarc/name/24246 245 14$aDer ursprüngliche sinn der dogmatik des Origenes /$cFranz Heinrich Kettler. 260 $aBerlin :$bTöpelmann,$c1966. 300 $aX, 56 p. ;$c24 cm. 490 0 $aBeihefte zur Zeitschrift für die neutestamentliche Wissenschaft und die Kunde der älteren Kirche ;$v31 600 04$aOrigene .$0(OLS)http://semarc/subject/169 830 0$aBeihefte zur Zeitschrift für die neutestamentliche Wissenschaft und die Kunde der älteren Kirche ;$v31.$0(OLS)http://semarc/title/296 850 $aSeMil 852 $aSeMil$W1$xVenegono$y1$m2XA R 31$j236811$B72486$CSeMilBibl$Z2$F76095 $81 961 $aOmaggio: Martini Card. Carlo Maria 996 $6245$aDer ursprüngliche sinn der dogmatik des Origenes$9(OLS)http://semarc/title/171825 996 $6260$aBerlin :$bTöpelmann$9(OLS)http://semarc/publisher/30771